| 000 -CABECERA |
| campo de control de longitud fija |
01025nam a2200265 a 4500 |
| 001 - NÚMERO DE CONTROL |
| campo de control |
000082475 |
| 005 - FECHA Y HORA DE LA ÚLTIMA TRANSACCIÓN |
| campo de control |
20200120224742.0 |
| 008 - DATOS DE LONGITUD FIJA--INFORMACIÓN GENERAL |
| campo de control de longitud fija |
040302s2002 cola gr0 000 d |
| 020 ## - NÚMERO INTERNACIONAL ESTÁNDAR DEL LIBRO |
| Número Internacional Estándar del Libro |
9583334324 |
| 041 0# - CÓDIGO DE LENGUA |
| Código de lengua del texto/banda sonora o título independiente |
ck |
| 043 ## - CÓDIGO DE ÁREA GEOGRÁFICA |
| Código de área geográfica |
s-ck--- |
| 082 04 - NÚMERO DE LA CLASIFICACIÓN DECIMAL DEWEY |
| Número de clasificación |
900.86114 |
| Número de documento/Ítem |
T17 |
| Número de edición |
21 |
| 100 0# - ENTRADA PRINCIPAL--NOMBRE DE PERSONA |
| Nombre de persona |
Tatis Guerra, Gustavo |
| 245 13 - MENCIÓN DE TÍTULO |
| Título |
La ciudad amurallada : |
| Resto del título |
crónicas de Cartagena de Indias / |
| Mención de responsabilidad, etc. |
Gustavo Tatis Guerra ; textos de Rubén Darío Diazgranados García. |
| 250 ## - MENCIÓN DE EDICIÓN |
| Mención de edición |
1a ed. |
| 260 ## - PUBLICACIÓN, DISTRIBUCIÓN, ETC. |
| Lugar de publicación, distribución, etc. |
Cartagena de Indias : |
| Nombre del editor, distribuidor, etc. |
Ediciones Pluma de Mompox, |
| Fecha de publicación, distribución, etc. |
2002. |
| 300 ## - DESCRIPCIÓN FÍSICA |
| Extensión |
206 páginas. |
| 500 ## - NOTA GENERAL |
| Nota general |
Incliye índice |
| 650 14 - PUNTO DE ACCESO ADICIONAL DE MATERIA--TÉRMINO DE MATERIA |
| Término de materia o nombre geográfico como elemento de entrada |
Crónicas periodísticas |
| Subdivisión geográfica |
Cartagena de Indias |
| 650 24 - PUNTO DE ACCESO ADICIONAL DE MATERIA--TÉRMINO DE MATERIA |
| Término de materia o nombre geográfico como elemento de entrada |
Crónicas colombianas |
| Subdivisión geográfica |
Cartagena de Indias |
| 651 17 - PUNTO DE ACCESO ADICIONAL DE MATERIA--NOMBRE GEOGRÁFICO |
| Nombre geográfico |
Cartagena (Colombia) |
| Subdivisión general |
Descripciones y viajes - Crónicas |
| Fuente del encabezamiento o término |
LEMB |
| 651 27 - PUNTO DE ACCESO ADICIONAL DE MATERIA--NOMBRE GEOGRÁFICO |
| Nombre geográfico |
Cartagena (Colombia) |
| Subdivisión general |
Vida social y costumbres - Crónicas |
| Fuente del encabezamiento o término |
LEMB |
| 651 27 - PUNTO DE ACCESO ADICIONAL DE MATERIA--NOMBRE GEOGRÁFICO |
| Nombre geográfico |
Cartagena (Colombia) |
| Subdivisión general |
Condiciones sociales - Crónicas |
| Fuente del encabezamiento o término |
LEMB |
| 700 1# - PUNTO DE ACCESO ADICIONAL--NOMBRE DE PERSONA |
| Nombre de persona |
Díazgranados García, Rubén Darío, |
| Término indicativo de función/relación |
textos |